00872nam a22002177a 4500003001100000005001700011008004100028040003900069041000800108082001700116110005100133245009800184260007000282300005500352490003300407650004300440650005500483650002200538700002300560856007100583LK-CoMWRAF20240113120108.0240105b1994 |||||||| |||| 00| 0 eng d aLK-CoMWRAFdLK-CoMWRAFeLK-CoMWRAF aeng a333.912bINT aIRC International Water and Sanitation Centre  aTogether for water and sanitation : tools to apply a gender approach : bthe Asian experience aThe Hague:bIRC International Water and Sanitation Centre, c1994 a xii, 107 p. : ill. ; 30 cmbBibliography included aOccasional paper series v24 aSanitation, Asia- Handbooks, manuals,  aWater resources development- Citizen participation aWater-supply-Asia aBolt, Evelineeed. uhttps://www.ircwash.org/sites/default/files/Bolt-1994-Together.pdf